|
|
|
|
| LEADER |
00000nam0a2200000 4500 |
| 001 |
113471 |
| 005 |
20231031121825.0 |
| 010 |
|
|
|a 5247007883
|
| 020 |
|
|
|a RU
|b 89-77606
|
| 035 |
|
|
|a (RuTPU)RU\TPU\book\122726
|
| 090 |
|
|
|a 113471
|
| 100 |
|
|
|a 20070411d1989 m a0rusy5003 ca
|
| 101 |
0 |
|
|a rus
|
| 102 |
|
|
|a RU
|
| 105 |
|
|
|a a j 001zy
|
| 200 |
1 |
|
|a Инженерная геология, гидрогеология и осушение месторождений
|e учебник
|f И. А. Скабалланович, В. Т. Осауленко
|
| 210 |
|
|
|a Москва
|c Недра
|d 1989
|
| 215 |
|
|
|a 197 с.
|c ил.
|
| 225 |
1 |
|
|a Среднетехническое образование
|
| 320 |
|
|
|a Библиогр.: с. 194-195.
|
| 610 |
1 |
|
|a гидрогеология
|
| 610 |
1 |
|
|a инженерная геология
|
| 610 |
1 |
|
|a осушение
|
| 610 |
1 |
|
|a месторождения
|
| 610 |
1 |
|
|a учебники
|
| 610 |
1 |
|
|a месторождения полезных ископаемых
|
| 675 |
|
|
|a 556.3(075.8)
|v 3
|
| 675 |
|
|
|a 624.131.1(075.8)
|v 3
|
| 700 |
|
1 |
|a Скабалланович
|b И. А.
|g Иван Антонович
|
| 701 |
|
1 |
|a Осауленко
|b В. Т.
|g Виктор Тимофеевич
|
| 801 |
|
0 |
|a RU
|b RuMRKP
|c 19950417
|g psbo
|
| 801 |
|
1 |
|a RU
|b 63413507
|c 20070411
|g PSBO
|
| 801 |
|
2 |
|a RU
|b 63413507
|c 20120125
|g PSBO
|
| 900 |
|
|
|a Гидрогеология и инженерная геология МПИ
|
| 942 |
|
|
|c BK
|